Immunology Today (Registro nro. 16943)
[ vista simple ]
| 000 -CABECERA | |
|---|---|
| Campo de control | 00225as aa2200097a 44500 |
| 090 ## - CLASIFICACIÓN LOCAL | |
| Colección | SERIADAS |
| Consecutivo | 00865 |
| 041 0# - IDIOMA | |
| Código de idioma para texto/pista de sonido o título separado | |
| 245 10 - MENCION DE TITULO | |
| Título | Immunology Today |
| 260 ## - PUBLICACION, DISTRIBUCION, ETC. (PIE DE IMPRENTA) | |
| Nombre del editor, distribuidor, etc. | Elsevier Trends Journals |
| Lugar de publicación, distribución, etc. | Estados Unidos |
| 942 ## - ELEMENTOS ADICIONALES (KOHA) | |
| Tipo de ítem | Periodica o revista |
| Withdrawn status | Lost status | Damaged status | No para préstamo | Colección | Fecha publicación (Año) | Volumen revista | Número revista | Ubicación Permanente | Ubicación actual | Fecha de adquisición | Fuente de Valor | Total Checkouts | Número topográfico | Inventario / Código de Barras | Date last seen | Ejemplar | Price effective from | Forma de adquisición | Tipo de material |
|---|---|---|---|---|---|---|---|---|---|---|---|---|---|---|---|---|---|---|---|
| Hemeroteca | 1994 | 15 | 10 | Villa de Leyva | Villa de Leyva | 16/03/2001 | Desconocido | SERIADAS 00865 | 007463 | 25/03/2015 | 1 | 25/03/2015 | Periodica o revista | ||||||
| Hemeroteca | 1994 | 15 | 11 | Villa de Leyva | Villa de Leyva | 16/03/2001 | Desconocido | SERIADAS 00865 | 007464 | 25/03/2015 | 1 | 25/03/2015 | Periodica o revista | ||||||
| Hemeroteca | 1994 | 15 | 7 | Villa de Leyva | Villa de Leyva | 16/03/2001 | Desconocido | SERIADAS 00865 | 007462 | 25/03/2015 | 1 | 25/03/2015 | Periodica o revista |